000 00845nam a2200253 c 4500
001 a5217599
003 CO-ViMGA
005 20230915234536.0
008 120607s2011 sp a | |||| 000 1 spa
020 _a9788498858761
040 _aCO-ViMGA
_bspa
_cCO-ViMGA
041 1 _heng
082 0 4 _a741.5
_bS87u
100 1 _aStraczynski, J. Michael
_d1954-
_98878
245 1 0 _aUn día más /
_cStraczynski [guión] ; Quesada [dibujo] ; [traducción, Santiago García]
260 _aTorroella de Montgrí, Girona
_bPanini España ;
_aBarcelona
_bdistribución, Sd distribuciones
_cD.L. 2011.
300 _a[144] p.
_bprincipalmente il. col.
_c27 cm.
490 0 _aMarvel deluxe
490 0 _aSpiderman
650 1 4 _aComics
_9284
650 1 4 _aTiras comicas, historietas, etc.
_92479
700 1 _aQuesada, Joe
_d1962-
_99235
942 _2ddc
_cBK
999 _c37904
_d37904